Maggior numero di ace serviti in carriera - Statistics

Statistiche generali
  • Questo quiz è stato fatto 11 volte
  • Il punteggio medio è 4 su 10
Statistiche sulle risposte
Nazione Ace serviti Tennista % Corretto
Svizzera 11 478 Roger Federer
100%
Stati Uniti 8 858 Pete Sampras
88%
Stati Uniti 14 470 John Isner
50%
Spagna 10 261 Feliciano Lopez
38%
Croazia 13 728 Ivo Karlovic
38%
Canada 8 278 Milos Raonic
38%
Stati Uniti 9 074 Andy Roddick
25%
Jugoslavia / Croazia 10 237 Goran Ivanisevic
25%
Croazia 8 138 Ivan Ljubicic
25%
Stati Uniti 8 879 Sam Querrey
13%
Nessun quiz corrispondente trovato
Distribuzione punteggi
Percentuale di utenti per punteggio
Percentile per numero di risposta
I tuoi punteggi nel tempo
Non hai fatto questo quiz